Library Banner

Operative landscapes (Record no. 55484)

MARC details
000 -LEADER
fixed length control field 00488nam a2200181Ia 4500
001 - CONTROL NUMBER
control field 58218
008 - FIXED-LENGTH DATA ELEMENTS--GENERAL INFORMATION
fixed length control field 140507s9999 xx 000 0 und d
020 ## - INTERNATIONAL STANDARD BOOK NUMBER
International Standard Book Number 9783034608213
040 ## - CATALOGING SOURCE
Transcribing agency PK-LaUMT
082 ## - DEWEY DECIMAL CLASSIFICATION NUMBER
Classification number 712
Item number NOR-O
100 ## - MAIN ENTRY--PERSONAL NAME
Personal name North, Alissa
245 ## - TITLE STATEMENT
Title Operative landscapes
Remainder of title building communities through public space
Statement of responsibility, etc North, Alissa
260 ## - PUBLICATION, DISTRIBUTION, ETC. (IMPRINT)
Place of publication, distribution, etc Basel,Switzerland:
Name of publisher, distributor, etc Birkhauser,
Date of publication, distribution, etc 2013
300 ## - PHYSICAL DESCRIPTION
Extent 200 p.
546 ## - LANGUAGE NOTE
Language note EN
650 ## - SUBJECT ADDED ENTRY--TOPICAL TERM
Topical term or geographic name as entry element Landscape architecture
942 ## - ADDED ENTRY ELEMENTS (KOHA)
Koha item type Books
Holdings
Withdrawn status Lost status Damaged status Not for loan Home library Current library Date acquired Total Checkouts Full call number Barcode Date last seen Date checked out Price effective from Koha item type
        UMT Main Campus UMT Main Campus 2014-05-07 2 712 NOR-O 77803 2022-01-24 2022-01-07 2014-05-08 Books